Statistiques concernant les équipes de Fabien Barthez

Cliquez ici pour prendre le quiz!

Statistiques générales

  • Ce quiz a été pris 128 fois
  • Le résultat moyen est 6 sur 7

Statistiques - réponses

annéeséquipes% Correct
1992-1995Olympique de Marseille
97%
2004-2006Olympique de Marseille
97%
2000-2004Manchester United
88%
1994-2006France
83%
2006-2007FC Nantes
79%
1995-2000AS Monaco
75%
1991-1992Toulouse FC
52%

Distribution des résultats

Percentile par nombre de réponses

% des personnes avec chaque résultat

Votre développement - résultats

Vous n’avez pas pris ce quiz